000 03664nam a22002297a 4500
005 20250922093601.0
008 250919b |||||||| |||| 00| 0 eng d
020 _a9789383214297
040 _cAL
041 _aKannada
082 _a954.87K
_bASWS
100 _aK N Aswathappa
_9239916
100 _aಕೆ ಎನ್ ಅಶ್ವಥಪ್ಪ
_9239917
245 _aSamagra Karnatakada itihasa samputa 2
_bಸಮಗ್ರ ಕರ್ನಾಟಕದ ಇತಿಹಾಸ ಸಂಪುಟ ೨ ಆರಂಭದಿಂದ ಕ್ರಿ. ಶ.2021ರವರೆಗೆ
250 _a10
260 _aBengaluru
_bSubhas Stores
_c2024
300 _axv,1808p.
_bPB
_c24x18cm.
365 _aKSCR-000454
_b₹760.00
_c
_d₹1900.00
_e20%
_f18-09-2025
520 _aಕೆ.ಎನ್. ಅಶ್ವಥಪ್ಪ ಅವರ "ಸಮಗ್ರ ಕರ್ನಾಟಕ ಇತಿಹಾಸ ಸಂಪುಟ ೨" ಪುಸ್ತಕವು ಕರ್ನಾಟಕದ ಇತಿಹಾಸವನ್ನು ಕ್ರಿ.ಶ. 2021 ರವರೆಗಿನ ಕಾಲಘಟ್ಟವನ್ನು ಆವರಿಸುತ್ತದೆ. ಈ ಪುಸ್ತಕವು ಕರ್ನಾಟಕದ ಭೌಗೋಳಿಕ ಲಕ್ಷಣಗಳು, ಪ್ರಮುಖ ರಾಜವಂಶಗಳು, ವಿಜಯನಗರ ಸಾಮ್ರಾಜ್ಯ, ಪಾಳೆಯಗಾರರು, ಆದಿಲ್ ಶಾಹಿಗಳು, ಕಲ್ಯಾಣದ ಚಾಲುಕ್ಯರು, ಸ್ವಾತಂತ್ರ್ಯ ಚಳುವಳಿ, ಕನ್ನಡ ಸಾಹಿತ್ಯ, ಮತ್ತು ಸ್ವಾತಂತ್ರೋತ್ತರ ಕರ್ನಾಟಕದ ಆರ್ಥಿಕ ಮತ್ತು ಪ್ರವಾಸೋದ್ಯಮ ವಿಷಯಗಳನ್ನು ಒಳಗೊಂಡಿದೆ. ಇದು ಸ್ಪರ್ಧಾತ್ಮಕ ಪರೀಕ್ಷೆಗಳಿಗೆ ಉಪಯುಕ್ತವಾಗಿದ್ದು, ೧೦ನೇ ಪರಿಷ್ಕೃತ ಆವೃತ್ತಿಯಲ್ಲಿ ಭಾಗ ೧ ಮತ್ತು ಭಾಗ ೨ ಸಂಪುಟಗಳಲ್ಲಿ ಲಭ್ಯವಿದೆ. ಪುಸ್ತಕದ ಕೆಲವು ಮುಖ್ಯಾಂಶಗಳು: ವಿಷಯ ವ್ಯಾಪ್ತಿ: ಕರ್ನಾಟಕದ ಉಗಮ, ಭೌಗೋಳಿಕ ಲಕ್ಷಣಗಳು, ಆರಂಭದ ರಾಜ ಸಂತತಿಗಳು, ಚಾಲುಕ್ಯರು, ರಾಷ್ಟ್ರಕೂಟರು, ಕಾಕತೀಯರು, ಕಲ್ಯಾಣದ ಚಾಲುಕ್ಯರು, ವಿಜಯನಗರ ಸಾಮ್ರಾಜ್ಯ, ಪಾಳೆಯಗಾರರು, ಆದಿಲ್ ಶಾಹಿಗಳು, ನಾಡಪ್ರಭುಗಳು ಮುಂತಾದವುಗಳನ್ನು ವಿವರಿಸುತ್ತದೆ. ಸಾಹಿತ್ಯ ಮತ್ತು ಆರ್ಥಿಕತೆ: ಕನ್ನಡ ಭಾಷೆ ಮತ್ತು ಸಾಹಿತ್ಯದ ಬೆಳವಣಿಗೆ, ಕರ್ನಾಟಕದ ಆರ್ಥಿಕ ಸಮೀಕ್ಷೆ, ಹಾಗೂ ಪ್ರವಾಸೋದ್ಯಮ ಕುರಿತು ಮಾಹಿತಿ ನೀಡುತ್ತದೆ. ಐತಿಹಾಸಿಕ ಸ್ಥಳಗಳು: ಐತಿಹಾಸಿಕ ಸ್ಥಳಗಳ ಪ್ರಾಮುಖ್ಯತೆಯನ್ನು ನಕ್ಷೆಗಳ ಮೂಲಕ ವಿವರಿಸುತ್ತದೆ. ಪರೀಕ್ಷೆಗಳಿಗೆ ಉಪಯುಕ್ತ: ಈ ಪುಸ್ತಕವು ಐಎಎಸ್, ಕೆಎಎಸ್, ಪಿಎಸ್ಐ, ಪಿಡಿಓ, ಎಸ್ಡಿಎ, ಎಫ್ಡಿಎ, ಪೊಲೀಸ್ ಕಾನ್ಸ್ಟೇಬಲ್ ಮತ್ತು ಇತರ ಸ್ಪರ್ಧಾತ್ಮಕ ಪರೀಕ್ಷೆಗಳಿಗೆ ಸಹಕಾರಿಯಾಗಿದೆ.
650 _aKarnataka Itihasa
_9239727
942 _2ddc
_cBK
999 _c240464
_d240464